00509nam a22001457a 450000500170000000800410001704100130005808200140007110000230008524501330010825000200024126000470026130000300030865000250033820231110072524.0231110b |||||||| |||| 00| 0 eng d aEnglish  a346.1 SPI aSpiro, ElEnglish  aThe Children's Act 1960 (Act No.33 of 1960) as Amended : bBeing a Companion Work to Spiro's Law of Parent and Child / cE Spiro aSecond Edition  aCape Town : bJuta and Company Ltd, c1965 bxi, 337 pages ; c26 cm.  aLegal practice bLaw